[Event "H. C. Andersen Mindgames"]
[Site "?"]
[Date "2012.05.18"]
[Round "5.2"]
[White "Georgiev, 2555, GM Vladimir"]
[Black "Hansen, 2302, FM Mads"]
[Result "1-0"]
[LiveChessVersion "1.3.1"]
[BlackElo "2302"]
[WhiteElo "2555"]

1. d4 {[%clk 1:29:59]} d5 {[%clk 1:29:55]} 2. c4 {[%clk 1:30:11]} dxc4
{[%clk 1:29:37]} 3. Nf3 {[%clk 1:30:28]} Nf6 {[%clk 1:29:39]} 4. e3
{[%clk 1:30:50]} e6 {[%clk 1:29:55]} 5. Bxc4 {[%clk 1:31:11]} c5 {[%clk 1:30:20]}
6. O-O {[%clk 1:31:27]} a6 {[%clk 1:30:46]} 7. a3 {[%clk 1:25:01]} b5
{[%clk 1:28:10]} 8. Ba2 {[%clk 1:24:37]} Bb7 {[%clk 1:26:39]} 9. Nc3
{[%clk 1:25:00]} Be7 {[%clk 1:23:54]} 10. Re1 {[%clk 1:21:35]} O-O
{[%clk 1:13:31]} 11. Qe2 {[%clk 1:11:04]} Nc6 {[%clk 1:10:05]} 12. dxc5
{[%clk 1:09:35]} Bxc5 {[%clk 1:10:21]} 13. b4 {[%clk 1:09:59]} Bd6
{[%clk 1:05:59]} 14. Bb2 {[%clk 1:04:27]} Qe7 {[%clk 0:57:52]} 15. Rad1
{[%clk 1:02:28]} Ne5 {[%clk 0:56:37]} 16. Nxe5 {[%clk 1:01:12]} Bxe5
{[%clk 0:56:56]} 17. f4 {[%clk 1:00:01]} Bc7 {[%clk 0:54:16]} 18. Nb1
{[%clk 0:47:18]} e5 {[%clk 0:51:58]} 19. f5 {[%clk 0:45:45]} Rfd8
{[%clk 0:48:20]} 20. Nd2 {[%clk 0:45:54]} Bd5 {[%clk 0:47:34]} 21. Bxd5
{[%clk 0:44:32]} Nxd5 {[%clk 0:43:46]} 22. Qf3 {[%clk 0:39:13]} Nb6
{[%clk 0:39:17]} 23. Ne4 {[%clk 0:38:01]} f6 {[%clk 0:36:48]} 24. Nc5
{[%clk 0:38:18]} Nc4 {[%clk 0:36:26]} 25. Bc1 {[%clk 0:36:47]} Bb6
{[%clk 0:28:00]} 26. Ne6 {[%clk 0:36:48]} Re8 {[%clk 0:27:18]} 27. Kh1
{[%clk 0:35:49]} Rac8 {[%clk 0:24:47]} 28. h3 {[%clk 0:32:23]} Kh8
{[%clk 0:23:19]} 29. e4 {[%clk 0:28:47]} a5 {[%clk 0:23:18]} 30. Qg4
{[%clk 0:28:37]} Rg8 {[%clk 0:22:32]} 31. bxa5 {[%clk 0:26:24]} Nxa5
{[%clk 0:21:52]} 32. Rd5 {[%clk 0:23:51]} Nb3 {[%clk 0:20:53]} 33. Be3
{[%clk 0:22:54]} Bxe3 {[%clk 0:18:53]} 34. Rxe3 {[%clk 0:23:22]} Nd4
{[%clk 0:17:31]} 35. Nxd4 {[%clk 0:21:49]} exd4 {[%clk 0:17:59]} 36. Rxd4
{[%clk 0:22:01]} Rc1+ {[%clk 0:15:56]} 37. Rd1 {[%clk 0:21:40]} Qc5
{[%clk 0:15:24]} 38. Red3 {[%clk 0:21:31]} b4 {[%clk 0:15:41]} 39. axb4
{[%clk 0:19:19]} Rxd1+ {[%clk 0:16:06]} 40. Rxd1 {[%clk 0:19:16]} Qxb4
{[%clk 0:16:28]} 41. Rd7 {[%clk 0:19:32]} Qb1+ {[%clk 0:14:59]} 42. Kh2
{[%clk 0:18:45]} Qb8+ {[%clk 0:14:53]} 43. Qg3 {[%clk 0:18:59]} Qe8
{[%clk 0:15:13]} 44. Rd4 {[%clk 0:16:56]} Qb5 {[%clk 0:13:34]} 45. Qc7
{[%clk 0:16:30]} Qe2 {[%clk 0:13:12]} 46. Qf4 {[%clk 0:12:08]} Qe1
{[%clk 0:13:12]} 47. Rd3 {[%clk 0:12:18]} Re8 {[%clk 0:12:38]} 48. Rd6
{[%clk 0:11:49]} Rg8 {[%clk 0:10:51]} 49. Re6 {[%clk 0:12:12]} Qb4
{[%clk 0:10:39]} 50. h4 {[%clk 0:12:18]} Qc4 {[%clk 0:10:24]} 51. h5
{[%clk 0:12:24]} Qe2 {[%clk 0:10:00]} 52. Qh4 {[%clk 0:10:22]} h6
{[%clk 0:08:34]} 53. e5 {[%clk 0:10:25]} fxe5 {[%clk 0:06:56]} 54. f6
{[%clk 0:10:38]} Qf1 {[%clk 0:06:02]} 55. fxg7+ {[%clk 0:10:25]} Rxg7
{[%clk 0:06:20]} 56. Rxh6+ {[%clk 0:10:05]} Kg8 {[%clk 0:06:20]} 57. Qd8+
{[%clk 0:10:21]} Kf7 {[%clk 0:06:26]} 58. Qd7+ {[%clk 0:09:22]} 1-0

[Event "H. C. Andersen Mindgames"]
[Site "?"]
[Date "2012.05.18"]
[Round "5.3"]
[White "Fries-Nielsen, 2363, IM Jens Ove"]
[Black "Smith, 2483, IM Axel"]
[Result "1-0"]
[LiveChessVersion "1.3.1"]
[BlackElo "2483"]
[WhiteElo "2363"]

1. g3 {[%clk 1:29:39]} d5 {[%clk 1:28:07]} 2. Bg2 {[%clk 1:29:44]} e5
{[%clk 1:27:57]} 3. d3 {[%clk 1:28:54]} Nf6 {[%clk 1:22:32]} 4. Nd2
{[%clk 1:25:38]} Bc5 {[%clk 1:17:30]} 5. e3 {[%clk 1:25:18]} Bb6 {[%clk 1:13:51]}
6. Ne2 {[%clk 1:24:46]} Nbd7 {[%clk 1:13:09]} 7. h3 {[%clk 1:21:43]} Nf8
{[%clk 1:12:08]} 8. b3 {[%clk 1:18:31]} Ng6 {[%clk 1:12:22]} 9. Ba3
{[%clk 1:17:06]} Be6 {[%clk 1:08:47]} 10. c4 {[%clk 1:15:58]} c6 {[%clk 1:06:53]}
11. Rc1 {[%clk 1:10:15]} Qd7 {[%clk 1:04:04]} 12. Nc3 {[%clk 1:05:56]} O-O-O
{[%clk 0:55:36]} 13. Na4 {[%clk 0:57:56]} Kb8 {[%clk 0:54:09]} 14. Nxb6
{[%clk 0:56:49]} axb6 {[%clk 0:54:38]} 15. c5 {[%clk 0:56:53]} bxc5
{[%clk 0:49:19]} 16. Bxc5 {[%clk 0:56:59]} Qc7 {[%clk 0:46:52]} 17. b4
{[%clk 0:52:46]} b6 {[%clk 0:42:04]} 18. Qa4 {[%clk 0:48:10]} bxc5
{[%clk 0:28:10]} 19. Rxc5 {[%clk 0:47:10]} Nd7 {[%clk 0:09:02]} 20. Rxc6
{[%clk 0:44:56]} Qb7 {[%clk 0:09:31]} 21. b5 {[%clk 0:42:19]} Ne7
{[%clk 0:06:48]} 22. O-O {[%clk 0:40:06]} Nb6 {[%clk 0:04:38]} 23. Qa5
{[%clk 0:36:17]} Nxc6 {[%clk 0:05:07]} 24. bxc6 {[%clk 0:36:18]} Qxc6
{[%clk 0:05:18]} 25. Rb1 {[%clk 0:36:39]} Kc8 {[%clk 0:02:11]} 26. Rxb6
{[%clk 0:36:16]} Qc1+ {[%clk 0:02:40]} 27. Bf1 {[%clk 0:35:46]} Kd7
{[%clk 0:02:55]} 28. Nb3 {[%clk 0:35:41]} Qc2 {[%clk 0:00:54]} 29. Rb7+
{[%clk 0:33:24]} Ke8 {[%clk 0:01:24]} 30. d4 {[%clk 0:32:14]} Qd1
{[%clk 0:00:37]} 31. Qc7 {[%clk 0:27:35]} Rd7 {[%clk 0:00:41]} 32. Rb8+
{[%clk 0:27:38]} Ke7 {[%clk 0:01:09]} 33. Qc5+ {[%clk 0:27:30]} Kf6
{[%clk 0:01:39]} 34. dxe5+ {[%clk 0:27:40]} Kg6 {[%clk 0:01:51]} 35. Rxh8
{[%clk 0:27:56]} Bxh3 {[%clk 0:01:59]} 36. Qb5 {[%clk 0:27:39]} Kh6
{[%clk 0:00:38]} 37. Qd3 {[%clk 0:27:15]} Qxd3 {[%clk 0:01:05]} 38. Bxd3
{[%clk 0:27:37]} g6 {[%clk 0:01:34]} 39. Kh2 {[%clk 0:26:18]} Bg4
{[%clk 0:02:02]} 40. Ra8 {[%clk 0:25:39]} Re7 {[%clk 0:02:20]} 41. Nd4
{[%clk 0:24:48]} Rxe5 {[%clk 0:02:29]} 42. a4 {[%clk 0:24:53]} Re7
{[%clk 0:01:58]} 43. a5 {[%clk 0:25:06]} Rc7 {[%clk 0:01:55]} 44. a6
{[%clk 0:25:15]} Rc3 {[%clk 0:02:22]} 45. a7 {[%clk 0:24:30]} Ra3
{[%clk 0:02:51]} 46. Be2 {[%clk 0:22:26]} Bd7 {[%clk 0:03:19]} 47. Bf3
{[%clk 0:20:57]} Ra2 {[%clk 0:03:46]} 48. Bxd5 {[%clk 0:21:04]} Rxf2+
{[%clk 0:04:13]} 49. Kg1 {[%clk 0:21:17]} Rf6 {[%clk 0:04:00]} 50. Rd8
{[%clk 0:21:07]} 1-0

[Event "H. C. Andersen Mindgames"]
[Site "?"]
[Date "2012.05.18"]
[Round "5.4"]
[White "Hagen, 2445, IM Andreas Skytte"]
[Black "Carlstedt, 2354, IM Jonathan"]
[Result "1-0"]
[LiveChessVersion "1.3.1"]
[BlackElo "2354"]
[WhiteElo "2445"]

1. e4 {[%clk 1:30:58]} c5 {[%clk 1:28:24]} 2. Nf3 {[%clk 1:31:24]} Nf6
{[%clk 1:28:47]} 3. Nc3 {[%clk 1:31:50]} d5 {[%clk 1:29:12]} 4. exd5
{[%clk 1:31:25]} Nxd5 {[%clk 1:29:34]} 5. Bb5+ {[%clk 1:31:01]} Bd7
{[%clk 1:29:51]} 6. Ne5 {[%clk 1:30:49]} Bxb5 {[%clk 1:29:58]} 7. Qf3
{[%clk 1:31:00]} f6 {[%clk 1:30:15]} 8. Nxb5 {[%clk 1:30:56]} Na6
{[%clk 1:30:34]} 9. Nc4 {[%clk 1:30:43]} Qd7 {[%clk 1:25:07]} 10. a3
{[%clk 1:29:05]} O-O-O {[%clk 1:17:04]} 11. Nc3 {[%clk 1:27:34]} Nxc3
{[%clk 1:13:54]} 12. bxc3 {[%clk 1:27:21]} Qd5 {[%clk 1:12:20]} 13. Qxd5
{[%clk 1:25:01]} Rxd5 {[%clk 1:12:40]} 14. d3 {[%clk 1:24:01]} Nc7
{[%clk 1:09:02]} 15. a4 {[%clk 1:21:41]} e5 {[%clk 1:04:40]} 16. f4
{[%clk 1:17:20]} exf4 {[%clk 1:04:02]} 17. Bxf4 {[%clk 1:17:40]} Rd7
{[%clk 1:03:18]} 18. Bxc7 {[%clk 1:16:01]} Kxc7 {[%clk 1:03:32]} 19. O-O
{[%clk 1:09:50]} Bd6 {[%clk 1:01:47]} 20. Rfe1 {[%clk 1:08:08]} Re7
{[%clk 1:01:13]} 21. Rxe7+ {[%clk 0:54:45]} Bxe7 {[%clk 1:01:07]} 22. Re1
{[%clk 0:52:52]} Kd7 {[%clk 0:59:58]} 23. Kf2 {[%clk 0:50:23]} Bd6
{[%clk 0:58:36]} 24. Kf3 {[%clk 0:47:55]} Bc7 {[%clk 0:56:10]} 25. h3
{[%clk 0:47:15]} g6 {[%clk 0:53:21]} 26. Rb1 {[%clk 0:42:43]} Kc6
{[%clk 0:53:29]} 27. Re1 {[%clk 0:43:00]} Kd7 {[%clk 0:53:49]} 28. Rb1
{[%clk 0:42:34]} Kc6 {[%clk 0:53:36]} 29. Ne3 {[%clk 0:41:19]} Re8
{[%clk 0:52:42]} 30. c4 {[%clk 0:41:32]} f5 {[%clk 0:51:17]} 31. Nd5
{[%clk 0:39:58]} g5 {[%clk 0:46:55]} 32. g4 {[%clk 0:34:09]} f4 {[%clk 0:43:51]}
33. h4 {[%clk 0:33:32]} gxh4 {[%clk 0:43:11]} 34. Nxc7 {[%clk 0:31:06]} Kxc7
{[%clk 0:43:34]} 35. Rh1 {[%clk 0:31:29]} Kb6 {[%clk 0:42:45]} 36. Rxh4
{[%clk 0:30:40]} Re7 {[%clk 0:43:08]} 37. Rh5 {[%clk 0:22:25]} Rc7
{[%clk 0:42:25]} 38. Kxf4 {[%clk 0:21:28]} Ka5 {[%clk 0:42:20]} 39. d4
{[%clk 0:20:45]} Kxa4 {[%clk 0:34:08]} 40. d5 {[%clk 0:21:05]} Ka5
{[%clk 0:31:12]} 41. d6 {[%clk 0:18:21]} Rg7 {[%clk 0:28:30]} 42. Rd5
{[%clk 0:18:11]} Rg8 {[%clk 0:27:04]} 43. d7 {[%clk 0:18:28]} Rd8
{[%clk 0:27:32]} 44. Ke5 {[%clk 0:18:51]} 1-0

[Event "H. C. Andersen Mindgames"]
[Site "?"]
[Date "2012.05.18"]
[Round "5.5"]
[White "Bromann, 2411, IM Thorbjorn"]
[Black "Ochsner, 2285, Bjorn Moller"]
[Result "1-0"]
[LiveChessVersion "1.3.1"]
[BlackElo "2285"]
[WhiteElo "2411"]

1. d4 {[%clk 1:30:11]} Nf6 {[%clk 1:30:49]} 2. Nc3 {[%clk 1:30:35]} d5
{[%clk 1:31:06]} 3. Bg5 {[%clk 1:30:57]} c6 {[%clk 1:30:12]} 4. Qd2
{[%clk 1:30:36]} Nbd7 {[%clk 1:29:09]} 5. f3 {[%clk 1:30:02]} h6 {[%clk 1:19:07]}
6. Bh4 {[%clk 1:30:03]} e6 {[%clk 1:18:14]} 7. O-O-O {[%clk 1:22:52]} Bb4
{[%clk 1:09:43]} 8. Be1 {[%clk 1:14:43]} Qe7 {[%clk 0:55:36]} 9. Kb1
{[%clk 1:04:20]} Nb6 {[%clk 0:51:56]} 10. e3 {[%clk 0:53:41]} Na4
{[%clk 0:37:31]} 11. Nge2 {[%clk 0:53:18]} Bd7 {[%clk 0:26:43]} 12. Qc1
{[%clk 0:49:01]} Nxc3+ {[%clk 0:23:32]} 13. Bxc3 {[%clk 0:48:41]} Bxc3
{[%clk 0:22:40]} 14. Nxc3 {[%clk 0:49:03]} c5 {[%clk 0:21:42]} 15. Qd2
{[%clk 0:41:53]} Rc8 {[%clk 0:19:23]} 16. g4 {[%clk 0:39:12]} Bc6
{[%clk 0:15:12]} 17. h4 {[%clk 0:34:48]} Nd7 {[%clk 0:14:52]} 18. e4
{[%clk 0:21:23]} dxe4 {[%clk 0:12:44]} 19. fxe4 {[%clk 0:18:07]} cxd4
{[%clk 0:11:51]} 20. Qxd4 {[%clk 0:18:32]} O-O {[%clk 0:10:59]} 21. g5
{[%clk 0:16:01]} hxg5 {[%clk 0:06:37]} 22. hxg5 {[%clk 0:16:03]} Qxg5
{[%clk 0:04:13]} 23. Rd2 {[%clk 0:12:38]} Rfd8 {[%clk 0:01:17]} 24. Rdh2
{[%clk 0:12:13]} f6 {[%clk 0:01:06]} 25. Qd6 {[%clk 0:10:16]} Kf7
{[%clk 0:00:45]} 26. Rg2 {[%clk 0:10:15]} Qe5 {[%clk 0:00:37]} 27. Rxg7+
{[%clk 0:09:04]} Kxg7 {[%clk 0:01:05]} 28. Qe7+ {[%clk 0:09:20]} Kg6
{[%clk 0:00:35]} 29. Qh7+ {[%clk 0:09:19]} Kg5 {[%clk 0:01:04]} 30. Qh6+
{[%clk 0:09:10]} Kg4 {[%clk 0:01:29]} 31. Be2+ {[%clk 0:09:14]} Kg3
{[%clk 0:01:57]} 32. Qh2# {[%clk 0:09:33]} 1-0

[Event "H. C. Andersen Mindgames"]
[Site "?"]
[Date "2012.05.18"]
[Round "5.6"]
[White "Lund, 2401, IM Silas"]
[Black "Fries-Nielsen, 2326, Niels Jorgen"]
[Result "1-0"]
[LiveChessVersion "1.3.1"]
[BlackElo "2326"]
[WhiteElo "2401"]

1. d4 {[%clk 1:30:57]} g6 {[%clk 1:30:07]} 2. e4 {[%clk 1:31:00]} Bg7
{[%clk 1:30:30]} 3. c4 {[%clk 1:31:13]} d6 {[%clk 1:30:45]} 4. Nc3
{[%clk 1:31:35]} Nf6 {[%clk 1:28:01]} 5. Be2 {[%clk 1:31:24]} Nbd7
{[%clk 1:20:43]} 6. Nf3 {[%clk 1:30:28]} O-O {[%clk 1:18:13]} 7. O-O
{[%clk 1:30:14]} e5 {[%clk 1:16:45]} 8. Qc2 {[%clk 1:23:56]} exd4
{[%clk 1:03:50]} 9. Nxd4 {[%clk 1:24:14]} Nc5 {[%clk 1:03:57]} 10. Be3
{[%clk 1:11:37]} Ng4 {[%clk 0:58:43]} 11. Bxg4 {[%clk 1:11:59]} Bxg4
{[%clk 0:59:12]} 12. f3 {[%clk 1:11:19]} Be6 {[%clk 0:53:15]} 13. b3
{[%clk 1:09:57]} a6 {[%clk 0:51:56]} 14. Rad1 {[%clk 1:09:38]} Qe7
{[%clk 0:49:05]} 15. b4 {[%clk 1:02:19]} Nd7 {[%clk 0:46:54]} 16. Nd5
{[%clk 1:01:46]} Bxd5 {[%clk 0:46:17]} 17. cxd5 {[%clk 1:02:06]} Rac8
{[%clk 0:45:59]} 18. Rfe1 {[%clk 0:51:22]} Rfe8 {[%clk 0:43:59]} 19. Bf2
{[%clk 0:51:25]} Be5 {[%clk 0:35:46]} 20. a4 {[%clk 0:48:57]} Qg5
{[%clk 0:32:16]} 21. a5 {[%clk 0:42:00]} c5 {[%clk 0:18:12]} 22. dxc6
{[%clk 0:40:51]} bxc6 {[%clk 0:18:04]} 23. Ne2 {[%clk 0:40:19]} c5
{[%clk 0:16:24]} 24. Qa4 {[%clk 0:31:26]} Qe7 {[%clk 0:15:58]} 25. f4
{[%clk 0:28:58]} Bg7 {[%clk 0:15:45]} 26. e5 {[%clk 0:28:49]} cxb4
{[%clk 0:13:38]} 27. exd6 {[%clk 0:20:10]} Qd8 {[%clk 0:11:15]} 28. Qxb4
{[%clk 0:19:38]} Rb8 {[%clk 0:11:32]} 29. Qc4 {[%clk 0:17:13]} Qxa5
{[%clk 0:10:50]} 30. Nd4 {[%clk 0:17:05]} Bxd4 {[%clk 0:07:52]} 31. Qxd4
{[%clk 0:16:08]} Rxe1+ {[%clk 0:06:21]} 32. Rxe1 {[%clk 0:16:32]} Qf5
{[%clk 0:06:39]} 33. Re7 {[%clk 0:09:03]} Qb1+ {[%clk 0:06:34]} 34. Be1
{[%clk 0:09:15]} Qb6 {[%clk 0:07:03]} 35. Qxb6 {[%clk 0:09:13]} Nxb6
{[%clk 0:07:32]} 36. d7 {[%clk 0:08:27]} Kf8 {[%clk 0:05:25]} 37. Re8+
{[%clk 0:08:43]} 1-0

[Event "H. C. Andersen Mindgames"]
[Site "?"]
[Date "2012.05.18"]
[Round "5.7"]
[White "Jacobsen, 2337, Bo"]
[Black "Skytte, 2394, IM Rasmus"]
[Result "0-1"]
[LiveChessVersion "1.3.1"]
[BlackElo "2394"]
[WhiteElo "2337"]

1. c4 {[%clk 1:30:56]} e6 {[%clk 1:29:29]} 2. g3 {[%clk 1:31:18]} d5
{[%clk 1:29:52]} 3. Bg2 {[%clk 1:31:27]} Nf6 {[%clk 1:29:29]} 4. Nf3
{[%clk 1:31:51]} Be7 {[%clk 1:29:23]} 5. O-O {[%clk 1:32:14]} c5 {[%clk 1:29:40]}
6. cxd5 {[%clk 1:30:04]} exd5 {[%clk 1:29:40]} 7. d4 {[%clk 1:30:27]} Nc6
{[%clk 1:29:01]} 8. Nc3 {[%clk 1:30:17]} O-O {[%clk 1:29:12]} 9. dxc5
{[%clk 1:30:45]} Bxc5 {[%clk 1:29:34]} 10. a3 {[%clk 1:31:12]} Re8
{[%clk 1:21:23]} 11. b4 {[%clk 1:31:04]} Bf8 {[%clk 1:19:14]} 12. Bg5
{[%clk 1:27:42]} Be6 {[%clk 1:19:14]} 13. Bxf6 {[%clk 1:21:45]} Qxf6
{[%clk 1:19:27]} 14. Rc1 {[%clk 1:18:20]} a6 {[%clk 1:10:36]} 15. Na4
{[%clk 1:17:04]} Rad8 {[%clk 1:06:39]} 16. Nc5 {[%clk 1:13:12]} Bc8
{[%clk 1:05:45]} 17. Qd2 {[%clk 1:07:53]} Ne5 {[%clk 0:59:59]} 18. Rfd1
{[%clk 1:04:02]} Nc4 {[%clk 0:58:49]} 19. Qa2 {[%clk 1:04:30]} Bxc5
{[%clk 0:57:25]} 20. bxc5 {[%clk 1:04:58]} Qc6 {[%clk 0:53:45]} 21. e4
{[%clk 1:04:49]} Qxc5 {[%clk 0:53:11]} 22. exd5 {[%clk 1:01:55]} b5
{[%clk 0:52:42]} 23. Ng5 {[%clk 0:51:05]} Bf5 {[%clk 0:50:26]} 24. a4
{[%clk 0:47:55]} h6 {[%clk 0:48:30]} 25. axb5 {[%clk 0:47:55]} axb5
{[%clk 0:47:56]} 26. Nh3 {[%clk 0:41:03]} Ra8 {[%clk 0:40:09]} 0-1

[Event "H. C. Andersen Mindgames"]
[Site "?"]
[Date "2012.05.18"]
[Round "5.9"]
[White "Frisk, 2181, WFM Ellinor"]
[Black "Aagaard, 2505, GM Jacob"]
[Result "0-1"]
[LiveChessVersion "1.3.1"]
[BlackElo "2505"]
[WhiteElo "2181"]

1. e4 {[%clk 1:28:49]} c5 {[%clk 1:30:45]} 2. Nf3 {[%clk 1:29:13]} Nc6
{[%clk 1:29:57]} 3. d4 {[%clk 1:29:26]} cxd4 {[%clk 1:30:21]} 4. Nxd4
{[%clk 1:29:52]} Qb6 {[%clk 1:30:44]} 5. Nb3 {[%clk 1:30:01]} Nf6
{[%clk 1:31:07]} 6. Nc3 {[%clk 1:30:06]} e6 {[%clk 1:31:30]} 7. Qe2
{[%clk 1:29:51]} Qc7 {[%clk 1:29:26]} 8. g4 {[%clk 1:29:21]} h6 {[%clk 1:28:25]}
9. h4 {[%clk 1:27:34]} a6 {[%clk 1:10:46]} 10. Bg2 {[%clk 1:26:51]} Be7
{[%clk 1:09:40]} 11. Bd2 {[%clk 1:02:02]} h5 {[%clk 1:04:31]} 12. g5
{[%clk 1:01:28]} Ng4 {[%clk 1:04:44]} 13. O-O-O {[%clk 1:01:25]} b5
{[%clk 1:04:06]} 14. f4 {[%clk 0:55:38]} d6 {[%clk 0:59:49]} 15. Bf3
{[%clk 0:50:47]} b4 {[%clk 0:59:20]} 16. Na4 {[%clk 0:47:49]} a5 {[%clk 0:55:44]}
17. Bxg4 {[%clk 0:44:55]} Ba6 {[%clk 0:55:47]} 18. Qf2 {[%clk 0:35:22]} hxg4
{[%clk 0:56:09]} 19. Nd4 {[%clk 0:28:40]} g3 {[%clk 0:46:39]} 20. Qe3
{[%clk 0:27:53]} Rc8 {[%clk 0:37:11]} 21. c3 {[%clk 0:23:02]} Nxd4
{[%clk 0:34:06]} 22. Qxd4 {[%clk 0:23:27]} e5 {[%clk 0:34:25]} 23. Qb6
{[%clk 0:20:11]} g2 {[%clk 0:30:27]} 24. Qxa6 {[%clk 0:18:15]} gxh1=Q
{[%clk 0:29:55]} 25. Rxh1 {[%clk 0:18:45]} Qc4 {[%clk 0:26:15]} 26. Qb7
{[%clk 0:17:57]} Qc6 {[%clk 0:20:29]} 27. Qxc6+ {[%clk 0:17:58]} Rxc6
{[%clk 0:20:58]} 28. Kc2 {[%clk 0:17:06]} exf4 {[%clk 0:17:38]} 29. Bxf4
{[%clk 0:17:12]} g6 {[%clk 0:17:48]} 30. Kd3 {[%clk 0:17:02]} Kd7
{[%clk 0:15:17]} 31. c4 {[%clk 0:16:15]} Ke6 {[%clk 0:15:01]} 32. b3
{[%clk 0:15:31]} Rh5 {[%clk 0:13:18]} 33. Be3 {[%clk 0:14:15]} Rc8
{[%clk 0:11:17]} 34. Bb6 {[%clk 0:13:25]} Bd8 {[%clk 0:06:29]} 35. Bxd8
{[%clk 0:11:12]} Rxd8 {[%clk 0:06:54]} 36. Kd4 {[%clk 0:11:31]} f6
{[%clk 0:05:58]} 37. gxf6 {[%clk 0:10:35]} Kxf6 {[%clk 0:05:04]} 38. Nb6
{[%clk 0:10:01]} Kg7 {[%clk 0:05:14]} 39. Nd5 {[%clk 0:09:30]} Rdh8
{[%clk 0:03:16]} 40. a3 {[%clk 0:08:30]} bxa3 {[%clk 0:02:46]} 41. Ra1
{[%clk 0:08:52]} Rxh4 {[%clk 0:03:07]} 42. Rxa3 {[%clk 0:09:17]} Re8
{[%clk 0:03:33]} 43. Rxa5 {[%clk 0:08:22]} Rhxe4+ {[%clk 0:03:44]} 44. Kd3
{[%clk 0:08:44]} g5 {[%clk 0:03:26]} 45. b4 {[%clk 0:07:13]} g4 {[%clk 0:02:06]}
46. b5 {[%clk 0:07:13]} Kg6 {[%clk 0:01:44]} 47. b6 {[%clk 0:07:08]} g3
{[%clk 0:01:45]} 48. Ra2 {[%clk 0:04:27]} Rg4 {[%clk 0:01:47]} 49. Ne3
{[%clk 0:02:50]} Rxe3+ {[%clk 0:00:59]} 50. Kxe3 {[%clk 0:03:13]} g2
{[%clk 0:01:25]} 51. Rxg2 {[%clk 0:03:08]} Rxg2 {[%clk 0:01:54]} 52. Kd4
{[%clk 0:03:29]} Rd2+ {[%clk 0:01:04]} 53. Kc3 {[%clk 0:03:24]} Rd1
{[%clk 0:01:33]} 54. Kb4 {[%clk 0:03:21]} Rb1+ {[%clk 0:01:38]} 55. Ka5
{[%clk 0:03:50]} Kf5 {[%clk 0:01:55]} 56. Ka6 {[%clk 0:04:05]} Ke5
{[%clk 0:02:07]} 0-1

[Event "H. C. Andersen Mindgames"]
[Site "?"]
[Date "2012.05.18"]
[Round "5.11"]
[White "Wilton, 2151, Lars"]
[Black "Rewitz, 2253, FM Poul"]
[Result "1/2-1/2"]
[LiveChessVersion "1.3.1"]
[BlackElo "2253"]
[WhiteElo "2151"]

1. c4 {[%clk 1:30:29]} e6 {[%clk 1:30:17]} 2. Nc3 {[%clk 1:30:45]} Bb4
{[%clk 1:29:05]} 3. Qb3 {[%clk 1:30:05]} c5 {[%clk 1:26:16]} 4. a3
{[%clk 1:30:18]} Ba5 {[%clk 1:22:54]} 5. Nf3 {[%clk 1:26:54]} Nf6
{[%clk 1:21:42]} 6. e3 {[%clk 1:18:30]} Nc6 {[%clk 1:20:23]} 7. d3
{[%clk 1:17:21]} d5 {[%clk 1:16:58]} 8. Bd2 {[%clk 1:15:38]} O-O {[%clk 1:15:15]}
9. Be2 {[%clk 1:12:46]} a6 {[%clk 1:11:13]} 10. O-O {[%clk 1:09:37]} Rb8
{[%clk 1:11:05]} 11. Qc2 {[%clk 1:07:02]} Qd6 {[%clk 1:00:32]} 12. Rac1
{[%clk 0:46:17]} Bc7 {[%clk 0:59:14]} 13. Na4 {[%clk 0:42:36]} d4
{[%clk 0:55:07]} 14. g3 {[%clk 0:39:47]} b6 {[%clk 0:53:35]} 15. exd4
{[%clk 0:36:43]} Nxd4 {[%clk 0:49:45]} 16. Nxd4 {[%clk 0:37:04]} Qxd4
{[%clk 0:49:44]} 17. Be3 {[%clk 0:36:03]} Qd6 {[%clk 0:46:45]} 18. b4
{[%clk 0:35:04]} cxb4 {[%clk 0:40:11]} 19. c5 {[%clk 0:33:03]} Qd5
{[%clk 0:38:15]} 20. axb4 {[%clk 0:30:39]} e5 {[%clk 0:35:22]} 21. Nc3
{[%clk 0:27:47]} Qa8 {[%clk 0:28:39]} 22. Ne4 {[%clk 0:22:05]} Nd5
{[%clk 0:24:09]} 23. Bf3 {[%clk 0:22:05]} Nxe3 {[%clk 0:23:06]} 24. fxe3
{[%clk 0:22:16]} Qa7 {[%clk 0:22:54]} 25. d4 {[%clk 0:20:35]} bxc5
{[%clk 0:19:57]} 26. bxc5 {[%clk 0:20:22]} exd4 {[%clk 0:14:31]} 27. exd4
{[%clk 0:20:42]} h6 {[%clk 0:14:41]} 28. Nc3 {[%clk 0:17:59]} Be6
{[%clk 0:13:22]} 29. Bd5 {[%clk 0:17:29]} 1/2-1/2

[Event "H. C. Andersen Mindgames"]
[Site "?"]
[Date "2012.05.18"]
[Round "5.12"]
[White "Rusev, 2525, GM Krasimir"]
[Black "Frantsen, 2122, Tom"]
[Result "1-0"]
[LiveChessVersion "1.3.1"]
[BlackElo "2122"]
[WhiteElo "2525"]

1. d4 {[%clk 1:29:52]} Nf6 {[%clk 1:30:54]} 2. Bg5 {[%clk 1:30:10]} d6
{[%clk 1:29:50]} 3. Bxf6 {[%clk 1:30:29]} gxf6 {[%clk 1:29:58]} 4. e3
{[%clk 1:30:34]} c5 {[%clk 1:29:30]} 5. Nc3 {[%clk 1:27:47]} e6 {[%clk 1:20:16]}
6. d5 {[%clk 1:14:48]} e5 {[%clk 1:06:09]} 7. Qh5 {[%clk 1:12:31]} a6
{[%clk 1:01:34]} 8. Bd3 {[%clk 1:12:32]} Qd7 {[%clk 0:54:43]} 9. Ne4
{[%clk 1:10:48]} Bg7 {[%clk 0:54:46]} 10. a4 {[%clk 1:08:53]} f5 {[%clk 0:50:14]}
11. Qxf5 {[%clk 1:09:11]} Qc7 {[%clk 0:39:01]} 12. Qxc8+ {[%clk 1:08:11]} Qxc8
{[%clk 0:39:24]} 13. Nxd6+ {[%clk 1:08:36]} Ke7 {[%clk 0:39:32]} 14. Nxc8+
{[%clk 1:09:03]} Rxc8 {[%clk 0:39:55]} 1-0